| 000 | 00577nam a2200193 i 4500 | ||
|---|---|---|---|
| 001 | 56371 | ||
| 003 | ES-MaACL | ||
| 005 | 20250811063135.0 | ||
| 007 | t| | ||
| 008 | 031008s1973 sp ||||1| spa d | ||
| 100 | 1 |
_aDíez-Picazo, Luis, _d1931- _9156922 |
|
| 245 | 1 | 0 |
_aExperiencias jurídicas y teoría del derecho / _cLuis Díez-Picazo. |
| 260 |
_aBarcelona : _bAriel, _c[1973] |
||
| 300 |
_a327 p. ; _c18 cm. |
||
| 490 | 1 |
_aAriel quincenal ; _v89 |
|
| 830 | 0 |
_aAriel quincenal ; _v89 _9180806 |
|
| 852 |
_aES-MaACL _jC-55749 _bR.88267 |
||
| 999 |
_c56371 _d56371 |
||